Freest Countries of the World - Top 20 - Statistics

General Stats
  • This quiz has been taken 145 times
  • The average score is 14 of 20
Answer Stats
Rank The Freest Nations Points % Correct
1 F Finland 56
97%
3 N Norway 54
91%
1 S Switzerland 56
87%
6 C Canada 50
85%
6 D Denmark 50
84%
10 U United Kingdom 37
84%
4 N Netherlands 52
81%
9 A Australia 40
80%
15 J Japan 21
79%
11 G Germany 33
78%
8 S Sweden 50
78%
11 I Ireland 33
76%
20 U United States 13
73%
14 A Austria 26
71%
4 N New Zealand 52
68%
17 B Belgium 16
66%
13 L Luxembourg 31
66%
18 U Uruguay 14
52%
16 H Hong Kong 19
22%
18 C Costa Rica 14
19%
No matching quizzes found
Score Distribution
Percent of People with Each Score
Percentile by Number Answered
Your Score History
You have not taken this quiz